000
00242nam a22000977a 4500
999
_c
533995
_d
533995
082
_a
604.2
_b
NIS
100
_a
NISTE
245
_a
Basic engineering Drawing and CAD /
942
_2
ddc
_c
BK